| 000 | 00507nam a22001697a 4500 | ||
|---|---|---|---|
| 999 |
_c63983 _d63983 |
||
| 005 | 20260304105550.0 | ||
| 008 | 260304s2016 enk||||| |||| 00| 0 eng d | ||
| 020 | _a9783856307714x | ||
| 041 | _aeng | ||
| 080 | _a821.521-31.03 M-96 | ||
| 100 |
_aMurakami, Haruki _927040 |
||
| 245 |
_aHaruki Murakami Goes to Meet Hayao Kawai _cHaruki Murakami, Hayao Kawai. |
||
| 264 |
_aTokyo : _bDaimon Verlag, _c2016. |
||
| 300 |
_a155 p.; _b20 cm. |
||
| 653 | _aიაპონია | ||
| 942 |
_2udc _cᲬᲘᲒᲜᲘ |
||